Aplicaciones de los radioisotopos en la ingeniería
Gardado en:
| Autor Principal: | |
|---|---|
| Formato: | Desconocido |
| Publicado: |
[San José, Costa Rica]
1963
|
| Materias: | |
| Etiquetas: |
Engadir etiqueta
Sen Etiquetas, Sexa o primeiro en etiquetar este rexistro!
|
MARC
| LEADER | 00000 a2200000 4500 | ||
|---|---|---|---|
| 003 | 011184 | ||
| 005 | 20221231143809.0 | ||
| 008 | 140114s1963 cr a m 000 ||s d | ||
| 040 | |c cru CEDI | ||
| 090 | |a TFG 220 | ||
| 100 | |a Zomer Rezler, Clara Silvia |9 17543 | ||
| 245 | |a Aplicaciones de los radioisotopos en la ingeniería | ||
| 260 | |c 1963 |a [San José, Costa Rica] | ||
| 300 | |a 115 hojas : ilustraciones, gráficos (montados) ; 27 cm | ||
| 500 | |a Tesis (Ingeniero civil) Universidad de Costa Rica. | ||
| 650 | |x ISOTOPOS RADIACTIVOS |x APLICACIONES INDUSTRIALES |9 17544 | ||
| 942 | |c TFG | ||
| 999 | |c 12129 |d 12129 | ||
